Responses for show #874 - Thursday, May 26, 1988

Contestants

Clyde Ayer, an airline pilot originally from East Aurora, New York

Jim Berkowitz, a teacher originally from Cranston, Rhode Island

Janelle Kauffman, a physician assistant from Port Byron, New York (whose 1-day cash winnings total $4,100)

Jeopardy! Round responses

GONE FISHIN'
LAKES & RIVERS
SUPERSTITIONS
ICE CREAM
CAREERS
"T" TIME
    $100 26
cod

Clyde
    $100 11
Thames

Jim
    $100 1
moon

Clyde
    $100 6
United States

Jim
    $100 16
captain

Clyde
    $100 21
trained (tamed)

Jim
    $200 27
catfish

Jim
    $200 12
Crater Lake

Jim
    $200 2
piece of (wedding) cake

Janelle
    $200 7
(Janelle: What is Saturday?)

Sunday

JanelleJim
    $200 17
glass

Janelle
    $200 22
tanker

Jim
    $300 28
(Clyde: What is Washington State?)

California

Clyde
Triple Stumper
    $300 13
(Clyde: What is the Columbia?)

Missouri

JimClyde
    $300 3
fingernails

Clyde
    $300 8
Marco Polo

Jim
    $300 18
(Clyde: What are brakemen?)

engineers

Clyde
Triple Stumper
    $300 23
tarot

Clyde
    $400 29
tuna

Clyde
    $400 14
Finger Lakes

Clyde
    $400 4
the baby is born

Clyde
    $400 9
St. Louis

Clyde
    $400 19
ticket seller & projectionist

Jim
    $500 24
(Alex: The tune was the very popular "[*] Junction".)

tuxedo

Clyde
    $500 30
suckers

Triple Stumper
    $500 15
Lake Pontchartrain

Clyde
    $500 5
the last line of the play

Clyde
    $500 10
eggs (egg yolks)

Clyde
    $500 20
insurance

Janelle
    $500 25
tepid

Clyde

Scores at the first commercial break (after clue 15):

Janelle Jim Clyde
$0 $1,200 $2,800

Scores at the end of the Jeopardy! Round:

Janelle Jim Clyde
$700 $2,100 $4,100

Double Jeopardy! Round responses

AMERICAN WARS
MUSIC THEORY
FOREIGN FILMS
COMPUTERS
POETRY
MORTAL MATTERS
    $200 3
The Maine

Jim
    $200 9
pp

Clyde
    $200 23
(Alex: It was a delightful film, by the way.)

Sweden

Triple Stumper
    $200 8
International Business Machines

Clyde
    $200 1
(Janelle: Who is Sir Walter Scott?)
[Alex gave the correct response with his Scottish accent.]

Rabbie Burns

Janelle
Triple Stumper
    $200 13
oven

Clyde
    $400 4
Paris

Jim
    $400 10
the end

Clyde
    $400 24
Mad Max 2

Jim
    $400 15
game

Jim
    $400 2
the Elgin marbles

Triple Stumper
    $400 19
peat bog

Clyde
    $1,500 5
French & Indian Wars

Jim
    $600 11
natural

Clyde
    $600 25
Akira Kurosawa

Jim
    $600 16
BASIC

Clyde
    $600 28
sinking of the Titanic

Jim
    $600 20
Montezuma

Jim
    $800 6
Revolutionary War

Janelle
    $800 12
staff

Janelle
    $800 26
Klaus Kinski

Jim
    $800 17
punch cards

Triple Stumper
    $800 29
(Clyde: Who is Mary Todd Lincoln?)

Ann Rutledge

Clyde
Triple Stumper
    $800 21
Delft

Janelle
    $1000 7
(Janelle: Who is Kit Carson?)

John Fremont

Janelle
Triple Stumper
    $1000 14
(Clyde: What is a whole step?)

interval

Clyde
Triple Stumper
    $200 27
(1 of) Manon of the Spring or Jean de Florette

Jim
    $1000 18
keyboard

Jim
    $1000 30
cherry

Triple Stumper
    $1000 22
(Jim: What is the Medusa?)

Minotaur

JimClyde

Scores at the end of the Double Jeopardy! Round:

Janelle Jim Clyde
$1,900 $7,800 $5,900

[wagering suggestions for these scores]

Final Jeopardy! Round responses

HISTORIC HOMES
JanelleWho is James Madison
$1,900
ClydeWho is Thomas Jefferson?
$5,900
JimWho is James Madison
$4,000
James Madison

Final scores:

Janelle Jim Clyde
$3,800 $11,800 $0
2nd place: Keller dining furniture and Villeroy & Boch china New champion: $11,800 3rd place: Maytag washer & dryer

Game dynamics:

Coryat scores:

Janelle Jim Clyde
$1,900 $7,700 $5,800
6 R,
3 W
21 R
(including 2 DDs),
1 W
22 R
(including 1 DD),
5 W

Combined Coryat: $15,400

The J! Archive is created by fans, for fans. The Jeopardy! game show and all elements thereof, including but not limited to copyright and trademark thereto, are the property of Jeopardy Productions, Inc. and are protected under law. This website is not affiliated with, sponsored by, or operated by Jeopardy Productions, Inc. Join the discussion at JBoard.tv.